Family Guy: 'You've Got a Lot to See' Quiz Stats

 Plays Quiz not verified by Sporcle

Score 0/296 Timer 12:00
0 Plays Today
% Correct
a
95.3%
a
95.3%
a
95.3%
a
95.3%
A
95.3%
a
95.3%
a
95.3%
a
95.3%
a
95.3%
you
93%
you
93%
you
93%
you
93%
you
93%
to
90.7%
to
90.7%
to
90.7%
to
90.7%
You've
88.4%
see
88.4%
see
88.4%
You've
88.4%
see
88.4%
The
86%
the
86%
the
86%
the
86%
The
86%
the
86%
the
86%
The
86%
got
86%
the
86%
the
86%
the
86%
The
86%
the
86%
The
86%
The
86%
the
86%
The
86%
The
86%
the
86%
the
86%
go
86%
the
86%
the
86%
got
86%
lot
86%
We
72.1%
we
72.1%
it
72.1%
it
72.1%
it
72.1%
it
72.1%
And
69.8%
and
69.8%
and
69.8%
on
69.8%
he
69.8%
on
69.8%
and
69.8%
and
69.8%
on
69.8%
he
69.8%
and
69.8%
And
69.8%
but
65.1%
is
65.1%
But
65.1%
is
65.1%
is
65.1%
is,
65.1%
but
65.1%
But
65.1%
have
62.8%
have
62.8%
do
62.8%
in
62.8%
can
62.8%
No
62.8%
can
62.8%
your
62.8%
your
62.8%
your
62.8%
be
62.8%
have
62.8%
can
62.8%
of
60.5%
Of
60.5%
So
60.5%
of
60.5%
So
60.5%
world
60.5%
of
60.5%
that
58.1%
will
58.1%
that
58.1%
will
58.1%
% Correct
That
58.1%
hell
58.1%
We're
55.8%
not
55.8%
too
55.8%
now
55.8%
too!
55.8%
too
55.8%
sixties
53.5%
For
53.5%
all
53.5%
all
53.5%
for
53.5%
Or
53.5%
guy?
53.5%
or
53.5%
or
53.5%
things
51.2%
kept
51.2%
weed
51.2%
how
51.2%
was
51.2%
star'
51.2%
how
51.2%
things
51.2%
was
51.2%
you're
51.2%
changed
48.8%
well
48.8%
children
48.8%
changed,
48.8%
day
48.8%
moon
48.8%
trumpet
48.8%
hippie
46.5%
lost
46.5%
years
46.5%
'Cause
46.5%
it's
46.5%
with
46.5%
Where
46.5%
with
46.5%
you'll
46.5%
really
46.5%
end
46.5%
'cause
46.5%
like
46.5%
You'll
46.5%
really
46.5%
Like
46.5%
Neil
46.5%
Neil
46.5%
its
46.5%
breed
44.2%
You've got a lot to see
44.2%
far
44.2%
from
44.2%
You've got a lot to see
44.2%
wh*res,
44.2%
his
44.2%
from
44.2%
one
44.2%
you've got a lot to see
44.2%
You've got a lot to see
44.2%
far
44.2%
You've got a lot to see
44.2%
his
44.2%
must
44.2%
get
44.2%
say,
44.2%
must
44.2%
his
44.2%
eye
44.2%
Armstrong
44.2%
Armstrong,
44.2%
wait,
44.2%
right
44.2%
there
44.2%
me
44.2%
still
44.2%
You've got a lot to see!
44.2%
values
41.9%
White
41.9%
voting
41.9%
has
41.9%
man
41.9%
They'll
41.9%
has
41.9%
step
41.9%
'country
41.9%
cell
41.9%
doc
41.9%
'Wow,
41.9%
cool!'
41.9%
They'll
41.9%
black
41.9%
gay
41.9%
Reagan
39.5%
brought
39.5%
% Correct
indeed
39.5%
Feldman-
39.5%
Vegas
39.5%
lots
39.5%
fifties
39.5%
put
39.5%
'redneck'
39.5%
music
39.5%
life
39.5%
tumor,
39.5%
lots
39.5%
unless
39.5%
Cherokee
39.5%
stars
37.2%
House
37.2%
game
37.2%
family
37.2%
Just
37.2%
quite
37.2%
cause
37.2%
shave
37.2%
glue
37.2%
head
37.2%
missed
37.2%
landing
37.2%
treat
37.2%
movie
34.9%
play
34.9%
Haim
34.9%
could
34.9%
except
34.9%
South,
34.9%
knows,
34.9%
my
34.9%
dread
34.9%
ass
34.9%
proper
34.9%
term
34.9%
look
34.9%
rule!'
34.9%
surgery
34.9%
may
34.9%
USA
34.9%
gene
34.9%
town
32.6%
place
32.6%
mingle
32.6%
scores
32.6%
heard
32.6%
baldness
32.6%
fear
32.6%
that's
32.6%
phones
32.6%
awesome
32.6%
cartoon
32.6%
let's
32.6%
flaws
32.6%
because
32.6%
mouth
30.2%
country's
30.2%
agree
30.2%
dear
30.2%
bed
30.2%
word
30.2%
important
30.2%
Sandy
30.2%
'Thundercats'
30.2%
forgive
30.2%
follow
30.2%
decades
27.9%
later
27.9%
seediest
27.9%
canine's
27.9%
lady
27.9%
friend
27.9%
PC
27.9%
bar
27.9%
There's
27.9%
Duncan's
27.9%
age
25.6%
Our
25.6%
Pee-wee
25.6%
phony
25.6%
frame
23.3%
different
23.3%
make
23.3%
people
23.3%
mumble,
23.3%
'Gee
23.3%
creepy
23.3%
laid
20.9%
face
20.9%
hurry,
20.9%
flashy
20.9%
whiz,
20.9%
famous
20.9%
raised
16.3%
wrist
16.3%

You're not logged in!

Compare scores with friends on all Sporcle quizzes.
OR
Log In

You Might Also Like...

Show Comments

Extras

Top Quizzes Today


Score Distribution

Your Account Isn't Verified!

In order to create a playlist on Sporcle, you need to verify the email address you used during registration. Go to your Sporcle Settings to finish the process.

Report this User

Report this user for behavior that violates our Community Guidelines.

Details: